[Event "POL-chT disctrict"]
[Site "Slask"]
[Date "1996.??.??"]
[Round "?"]
[White "Kaula, Roman"]
[Black "Sobura, Henryk"]
[Result "1-0"]
[WhiteElo "2315"]
[BlackElo "2320"]
[PlyCount "41"]
[EventDate "1996.??.??"]
[EventType "team"]
[EventRounds "12"]
[EventCountry "POL"]
[SourceTitle "EXT 2001"]
[Source "ChessBase"]
[SourceDate "2000.11.22"]
[SourceVersion "1"]
[SourceVersionDate "2000.11.22"]
[SourceQuality "1"]

1. e4 e6 2. d4 d5 3. exd5 exd5 4. Nf3 Bd6 5. c4 dxc4 6. Bxc4 Nf6 7. 0-0 0-0 8. Nc3 Nbd7 9. h3 c6 10. Re1 Qc7 11. Bb3 Nb6 12. Bg5 Nfd5 13. Rc1 Nxc3 14. bxc3 Bf5 15. Nh4 Bg6 16. Qf3 Qd7 17. Nxg6 hxg6 18. Re2 Rfe8 19. Rce1 Rxe2 20. Rxe2 Re8 21. Qxf7+ 1-0

[Event "Berlin East AdW 6th"]
[Site "Berlin East"]
[Date "1989.11.29"]
[Round "9"]
[White "Tischbierek, Raj"]
[Black "Sobura, Henryk"]
[Result "1-0"]
[WhiteElo "2445"]
[BlackElo "2330"]
[PlyCount "123"]
[EventDate "1989.11.21"]
[EventType "tourn"]
[EventRounds "9"]
[EventCountry "DDR"]
[EventCategory "4"]
[SourceTitle "EXT 2008"]
[Source "ChessBase"]
[SourceDate "2007.11.25"]
[SourceVersion "1"]
[SourceVersionDate "2007.11.25"]
[SourceQuality "1"]

1. e4 c5 2. Nc3 e6 3. Nge2 Nc6 4. d4 cxd4 5. Nxd4 Nf6 6. Nxc6 bxc6 7. e5 Nd5 8. Ne4 Qc7 9. f4 Qb6 10. Bd3 Be7 11. a3 Ba6 12. Bxa6 Qxa6 13. Qe2 Qxe2+ 14. Kxe2 f5 15. Nf2 a5 16. a4 Rb8 17. b3 Nb4 18. c3 Na6 19. Rb1 Kf7 20. Kd1 Nc5 21. Kc2 Rb7 22. Be3 Na6 23. Nd3 Rhb8 24. Rhd1 h6 25. Rg1 h5 26. Rgd1 Ke8 27. h3 h4 28. Bf2 Kf7 29. Ne1 Nc5 30. Bxc5 Bxc5 31. Rd3 Be7 32. Nf3 Rg8 33. Rbd1 Ke8 34. g3 hxg3 35. Rg1 Kf7 36. Rxg3 Rgb8 37. Nd2 Ra7 38. Nc4 Rh8 39. Nb6 Rb7 40. Nc4 Ra7 41. Rg2 Bc5 42. Rdg3 Rh7 43. Rd2 Rh4 44. Rgd3 Ke8 45. Rf3 Kf7 46. Kd1 Rh6 47. Rfd3 Ke8 48. Rg2 Bf8 49. Ke1 Rh4 50. Rf3 Kf7 51. Kf2 Bc5+ 52. Kf1 Ra8 53. Rd2 Ra7 54. Kg2 Rh8 55. Rfd3 Ke7 56. Nxa5 Rh4 57. b4 Rxf4 58. Nb3 Bxb4 59. cxb4 Rxb4 60. Nc5 Rc4 61. Nxd7 Rcxa4 62. Nb6 1-0

[Event "Berlin East AdW 6th"]
[Site "Berlin East"]
[Date "1989.11.26"]
[Round "6"]
[White "Sobura, Henryk"]
[Black "Bade, Joern"]
[Result "1-0"]
[WhiteElo "2330"]
[BlackElo "2200"]
[PlyCount "125"]
[EventDate "1989.11.21"]
[EventType "tourn"]
[EventRounds "9"]
[EventCountry "DDR"]
[EventCategory "4"]
[SourceTitle "EXT 2008"]
[Source "ChessBase"]
[SourceDate "2007.11.25"]
[SourceVersion "1"]
[SourceVersionDate "2007.11.25"]
[SourceQuality "1"]

1. e4 c5 2. Nf3 Nc6 3. d4 cxd4 4. Nxd4 Nf6 5. Nc3 e5 6. Ndb5 d6 7. Bg5 a6 8. Na3 b5 9. Nd5 Be7 10. Bxf6 Bxf6 11. c3 0-0 12. Nc2 Bg5 13. a4 bxa4 14. Rxa4 Bb7 15. Be2 Ne7 16. Ncb4 a5 17. Nxe7+ Bxe7 18. Nd5 Bc6 19. Ra2 f5 20. exf5 Rxf5 21. Ne3 Rf8 22. Bc4+ Kh8 23. Bd5 Qb6 24. Bxc6 Qxc6 25. Qd5 Qa6 26. Qc4 Bg5 27. Qxa6 Rxa6 28. Nd5 Rb8 29. Ke2 Bd8 30. Rd1 Rc6 31. Kd3 g6 32. Kc2 Kg7 33. Ra4 Kf7 34. f4 Ke6 35. fxe5 dxe5 36. Ne3 Rc5 37. Nc4 Bc7 38. Rda1 Rf8 39. Rd1 Rf4 40. b3 e4 41. Rd2 h5 42. Re2 h4 43. h3 Kd5 44. Ne3+ Kc6 45. Nd1 Rg5 46. Rc4+ Kb6 47. Ne3 Rc5 48. Rd4 Kc6 49. Nc4 Rg5 50. Nd2 e3 51. Nf3 Rxd4 52. Nxd4+ Kd5 53. Nf3 Rg3 54. Nxh4 Ke4 55. Nf3 Bb6 56. Nd2+ Kf4 57. Nc4 Bd8 58. Kd3 g5 59. Nxe3 Bb6 60. Rf2+ Ke5 61. Rf5+ Ke6 62. Rf3 Rxf3 63. gxf3 1-0

[Event "Berlin East AdW 6th"]
[Site "Berlin East"]
[Date "1989.11.25"]
[Round "5"]
[White "Baum, Bernd"]
[Black "Sobura, Henryk"]
[Result "1/2-1/2"]
[WhiteElo "2265"]
[BlackElo "2330"]
[PlyCount "29"]
[EventDate "1989.11.21"]
[EventType "tourn"]
[EventRounds "9"]
[EventCountry "DDR"]
[EventCategory "4"]
[SourceTitle "EXT 2008"]
[Source "ChessBase"]
[SourceDate "2007.11.25"]
[SourceVersion "1"]
[SourceVersionDate "2007.11.25"]
[SourceQuality "1"]

1. e4 e6 2. b3 d5 3. Bb2 dxe4 4. Nc3 Nf6 5. Qe2 Nbd7 6. Nxe4 Be7 7. Nf3 0-0 8. g3 Nxe4 9. Qxe4 Bf6 10. d4 c5 11. 0-0-0 cxd4 12. Nxd4 Nc5 13. Qe2 Bd7 14. Kb1 Qb6 15. g4 1/2-1/2

[Event "Berlin East AdW 6th"]
[Site "Berlin East"]
[Date "1989.11.24"]
[Round "4"]
[White "Sobura, Henryk"]
[Black "Grabarczyk, Bogdan"]
[Result "1-0"]
[WhiteElo "2330"]
[BlackElo "2320"]
[PlyCount "51"]
[EventDate "1989.11.21"]
[EventType "tourn"]
[EventRounds "9"]
[EventCountry "DDR"]
[EventCategory "4"]
[SourceTitle "EXT 2008"]
[Source "ChessBase"]
[SourceDate "2007.11.25"]
[SourceVersion "1"]
[SourceVersionDate "2007.11.25"]
[SourceQuality "1"]

1. e4 c5 2. Nf3 d6 3. d4 cxd4 4. Nxd4 Nf6 5. Nc3 g6 6. Be3 Bg7 7. f3 0-0 8. Qd2 Nc6 9. 0-0-0 d5 10. exd5 Nxd5 11. Nxc6 bxc6 12. Nxd5 cxd5 13. Bh6 Bxh6 14. Qxh6 e5 15. h4 Rb8 16. h5 g5 17. Rxd5 Rb6 18. Rxd8 Rxh6 19. Rd5 Re6 20. Bc4 h6 21. Re1 e4 22. Rd4 Rf6 23. Rexe4 a5 24. Re5 a4 25. Ra5 Re8 26. Bb5 1-0

[Event "Naleczow op"]
[Site "Naleczow"]
[Date "1989.??.??"]
[Round "?"]
[White "Sobura, Henryk"]
[Black "Ehrenfeucht, Wojciech"]
[Result "1-0"]
[WhiteElo "2325"]
[BlackElo "2255"]
[PlyCount "120"]
[EventDate "1989.??.??"]
[EventType "swiss"]
[EventRounds "11"]
[EventCountry "POL"]
[SourceTitle "EXT 1997"]
[Source "ChessBase"]
[SourceDate "1996.11.15"]
[SourceVersion "1"]
[SourceVersionDate "1996.11.15"]
[SourceQuality "1"]

1. e4 c5 2. Nf3 Nc6 3. d4 cxd4 4. Nxd4 e5 5. Nb5 d6 6. c4 Be7 7. N1c3 a6 8. Na3 h6 9. Nc2 Bg5 10. Be2 Nf6 11. 0-0 Be6 12. Qd3 0-0 13. Bxg5 hxg5 14. Qe3 Ne8 15. Rfd1 Qf6 16. c5 Qf4 17. cxd6 Qxe3 18. Nxe3 Rd8 19. Bg4 Bxg4 20. Nxg4 Nxd6 21. f3 Nc4 22. b3 Nb6 23. Kf2 f6 24. Ne3 Rxd1 25. Rxd1 Rd8 26. Ncd5 Nxd5 27. Nxd5 Kf7 28. Rc1 Rc8 29. Nb6 Rh8 30. Na4 Rc8 31. Ke3 b5 32. Nb6 Rc7 33. Nd5 Rc8 34. Nb4 Ne7 35. Rxc8 Nxc8 36. Nxa6 Ke7 37. Nc7 Kd7 38. Nxb5 Kc6 39. Nc3 Kc5 40. a3 Ne7 41. Kd3 Ng6 42. g3 Nf8 43. b4+ Kc6 44. a4 Ne6 45. Ne2 g6 46. g4 Kb6 47. Kc4 Kc6 48. a5 Nc7 49. Nc3 Ne6 50. b5+ Kb7 51. Ne2 Nc7 52. Nc1 Ne6 53. Nb3 Kc7 54. Nc5 Nd4 55. b6+ Kc6 56. b7 Kc7 57. a6 Nc6 58. Kd5 Kb6 59. Nd7+ Kc7 60. b8Q+ Nxb8 1-0

[Event "Naleczow op"]
[Site "Naleczow"]
[Date "1989.??.??"]
[Round "?"]
[White "Sobura, Henryk"]
[Black "Vukovic, Angelina"]
[Result "1-0"]
[WhiteElo "2325"]
[BlackElo "2125"]
[PlyCount "80"]
[EventDate "1989.??.??"]
[EventType "swiss"]
[EventRounds "11"]
[EventCountry "POL"]
[SourceTitle "EXT 1997"]
[Source "ChessBase"]
[SourceDate "1996.11.15"]
[SourceVersion "1"]
[SourceVersionDate "1996.11.15"]
[SourceQuality "1"]

1. e4 e6 2. d4 d5 3. Nc3 Nf6 4. Bg5 Be7 5. e5 Nfd7 6. h4 Bxg5 7. hxg5 Qxg5 8. Nh3 Qe7 9. Nf4 a6 10. Qg4 g6 11. Bd3 Nc6 12. 0-0-0 Nf8 13. Rh6 Bd7 14. Nh3 0-0-0 15. Qf4 Nb4 16. Ng5 Be8 17. a3 Nxd3+ 18. Rxd3 Kb8 19. Rdh3 Ka8 20. Ne2 Rc8 21. Nxh7 Nxh7 22. Rxh7 Rxh7 23. Rxh7 c5 24. dxc5 Qxc5 25. Nd4 Qc4 26. b3 Qc3 27. Kb1 g5 28. Qe3 Qc5 29. Kb2 f6 30. exf6 e5 31. Qxe5 Qc3+ 32. Ka2 Bg6 33. Rh3 Qd2 34. a4 Bxc2 35. Qe3 Bxb3+ 36. Kxb3 Qd1+ 37. Kb2 Qxa4 38. f7 Qb4+ 39. Nb3 Qf8 40. Rf3 Qg7+ 1-0

[Event "Dreszer op"]
[Site "Gdynia"]
[Date "1989.??.??"]
[Round "1"]
[White "Timoshenko, Georgy"]
[Black "Sobura, Henryk"]
[Result "1-0"]
[WhiteElo "2530"]
[BlackElo "2325"]
[PlyCount "141"]
[EventDate "1989.??.??"]
[EventType "swiss"]
[EventRounds "10"]
[EventCountry "POL"]
[SourceTitle "EXT 1997"]
[Source "ChessBase"]
[SourceDate "1996.11.15"]
[SourceVersion "1"]
[SourceVersionDate "1996.11.15"]
[SourceQuality "1"]

1. e4 c5 2. Nf3 e6 3. d4 cxd4 4. Nxd4 Nf6 5. Nc3 Nc6 6. Ndb5 d6 7. Bf4 e5 8. Bg5 a6 9. Na3 b5 10. Nd5 Be7 11. Bxf6 Bxf6 12. c3 Bg5 13. Nc2 0-0 14. a4 bxa4 15. Rxa4 a5 16. Bc4 Rb8 17. b3 g6 18. 0-0 Kh8 19. Qe2 Be6 20. Rd1 Qd7 21. Ra2 Rb7 22. Kh1 Rfb8 23. Na3 Ne7 24. Ne3 Bxe3 25. Qxe3 a4 26. b4 Bxc4 27. Nxc4 Qe6 28. Qe2 Rc7 29. Nxd6 Rxc3 30. Rxa4 Nc6 31. Qd2 Rb3 32. Qd5 Qxd5 33. exd5 Nd8 34. b5 Rb6 35. Ra6 R3xb5 36. Rxb6 Rxb6 37. Nc4 Rb7 38. Nxe5 Kg7 39. g3 Kf8 40. Kg2 Ke7 41. h4 Kd6 42. Nc4+ Kc5 43. Ne3 f5 44. Ra1 Nf7 45. Ra5+ Kd4 46. Ra4+ Ke5 47. f4+ Kd6 48. Ra6+ Kc5 49. Kf3 Rb3 50. Ke2 Nd6 51. Rc6+ Kd4 52. Rxd6 Rxe3+ 53. Kf2 Rd3 54. Rd7 Rd2+ 55. Kf3 Rd3+ 56. Kg2 Rd2+ 57. Kh3 Ke4 58. h5 Kf3 59. Rxh7 g5 60. Ra7 gxf4 61. Ra3+ Ke4 62. h6 fxg3 63. Rxg3 f4 64. Rg7 Rxd5 65. Kg4 Rd6 66. h7 Rh6 67. Re7+ Kd5 68. Kxf4 Kd6 69. Ra7 Rh1 70. Kf5 Rh2 71. Kf6 1-0

[Event "Warsaw"]
[Site "Warsaw"]
[Date "1988.??.??"]
[Round "12"]
[White "Adamski, Andrzej"]
[Black "Sobura, Henryk"]
[Result "1/2-1/2"]
[WhiteElo "2275"]
[BlackElo "2365"]
[PlyCount "40"]
[EventDate "1988.??.??"]
[EventType "tourn"]
[EventRounds "13"]
[EventCountry "POL"]
[EventCategory "4"]
[SourceTitle "EXT 1997"]
[Source "ChessBase"]
[SourceDate "1996.11.15"]
[SourceVersion "1"]
[SourceVersionDate "1996.11.15"]
[SourceQuality "1"]

1. e4 e6 2. d4 d5 3. Nc3 Bb4 4. Nge2 dxe4 5. a3 Bxc3+ 6. Nxc3 Nc6 7. Bb5 Nge7 8. Bg5 f6 9. Be3 f5 10. f3 exf3 11. Qxf3 0-0 12. 0-0-0 Nd5 13. Nxd5 Qxd5 14. Qxd5 exd5 15. Bxc6 bxc6 16. Bf4 Ba6 17. Rhe1 Rae8 18. Rxe8 Rxe8 19. h4 Kf7 20. Kd2 h6 1/2-1/2

[Event "Warsaw"]
[Site "Warsaw"]
[Date "1988.??.??"]
[Round "10"]
[White "Marszalek, Rafal"]
[Black "Sobura, Henryk"]
[Result "1/2-1/2"]
[WhiteElo "2310"]
[BlackElo "2365"]
[PlyCount "50"]
[EventDate "1988.??.??"]
[EventType "tourn"]
[EventRounds "13"]
[EventCountry "POL"]
[EventCategory "4"]
[SourceTitle "EXT 1997"]
[Source "ChessBase"]
[SourceDate "1996.11.15"]
[SourceVersion "1"]
[SourceVersionDate "1996.11.15"]
[SourceQuality "1"]

1. c4 e6 2. Nf3 d5 3. g3 Nf6 4. Bg2 Be7 5. 0-0 0-0 6. d4 dxc4 7. Ne5 Nc6 8. Nxc6 bxc6 9. Na3 Bxa3 10. bxa3 Rb8 11. Qa4 Qxd4 12. Be3 Qe5 13. Qxc4 Nd5 14. Bxa7 Ra8 15. Bd4 Ba6 16. Qxa6 Qxd4 17. Qxc6 Rxa3 18. e3 Qe5 19. Bxd5 Qxd5 20. Qxd5 exd5 21. Rac1 Rc8 22. Rc5 c6 23. Rfc1 Kf8 24. Rxd5 Rb8 25. Rxc6 Rxa2 1/2-1/2

[Event "Warsaw"]
[Site "Warsaw"]
[Date "1988.??.??"]
[Round "8"]
[White "Milovanovic, Rade"]
[Black "Sobura, Henryk"]
[Result "1-0"]
[WhiteElo "2415"]
[BlackElo "2365"]
[PlyCount "67"]
[EventDate "1988.??.??"]
[EventType "tourn"]
[EventRounds "13"]
[EventCountry "POL"]
[EventCategory "4"]
[SourceTitle "EXT 1997"]
[Source "ChessBase"]
[SourceDate "1996.11.15"]
[SourceVersion "1"]
[SourceVersionDate "1996.11.15"]
[SourceQuality "1"]

1. e4 e6 2. d4 d5 3. Nc3 Bb4 4. e5 c5 5. dxc5 Ne7 6. Nf3 Nbc6 7. Bd3 Ng6 8. Qe2 Bxc5 9. 0-0 a6 10. Bd2 Nd4 11. Nxd4 Bxd4 12. Qh5 Qh4 13. Qxh4 Nxh4 14. Kh1 Bd7 15. f4 Bc6 16. Be1 Ng6 17. Rd1 Ba7 18. Ne2 f6 19. exf6 gxf6 20. f5 Ne5 21. fxe6 Ng4 22. Rb1 Ne3 23. Rxf6 d4 24. Nf4 Bb8 25. Bg3 Bxf4 26. Rxf4 0-0-0 27. e7 Rde8 28. Rxd4 Rxe7 29. Re1 Rhe8 30. Rxe3 Rxe3 31. Bf5+ R3e6 32. Kg1 Bd7 33. Bxe6 Bxe6 34. Kf2 1-0

[Event "POL"]
[Site "Poland"]
[Date "1988.??.??"]
[Round "?"]
[White "Sobura, Henryk"]
[Black "Berebora, Ferenc"]
[Result "1-0"]
[WhiteElo "2365"]
[BlackElo "2235"]
[PlyCount "77"]
[EventDate "1988.??.??"]
[EventType "game"]
[EventRounds "1"]
[EventCountry "POL"]
[SourceTitle "EXT 2010"]
[Source "ChessBase"]
[SourceDate "2010.11.25"]
[SourceVersion "1"]
[SourceVersionDate "2010.11.25"]
[SourceQuality "1"]

1. e4 c5 2. Nf3 Nc6 3. d4 cxd4 4. Nxd4 Nf6 5. Nc3 d6 6. Bg5 e6 7. Qd2 a6 8. 0-0-0 Bd7 9. f4 h6 10. Bh4 b5 11. Bxf6 Qxf6 12. e5 dxe5 13. Ndxb5 Qd8 14. Nd6+ Bxd6 15. Qxd6 exf4 16. Ne4 Qe7 17. Qc7 Ra7 18. Nd6+ Kf8 19. Qb6 g6 20. Bxa6 Kg7 21. Bc4 f5 22. Rhe1 Rb8 23. Qc5 e5 24. Bb5 Rxb5 25. Qxb5 Rxa2 26. Kb1 Ra5 27. Qb6 Qe6 28. b3 e4 29. Nb7 Rd5 30. c4 Rxd1+ 31. Rxd1 Ne5 32. Rd6 Qe7 33. Qd4 Kf7 34. Nc5 e3 35. Nxd7 e2 36. Nxe5+ Ke8 37. Nf3 Qe4+ 38. Qxe4+ fxe4 39. Re6+ 1-0

[Event "Warsaw"]
[Site "Warsaw"]
[Date "1988.??.??"]
[Round "11"]
[White "Sobura, Henryk"]
[Black "Bielczyk, Jacek"]
[Result "1/2-1/2"]
[WhiteElo "2365"]
[BlackElo "2385"]
[PlyCount "41"]
[EventDate "1988.??.??"]
[EventType "tourn"]
[EventRounds "13"]
[EventCountry "POL"]
[EventCategory "4"]
[SourceTitle "EXT 1997"]
[Source "ChessBase"]
[SourceDate "1996.11.15"]
[SourceVersion "1"]
[SourceVersionDate "1996.11.15"]
[SourceQuality "1"]

1. e4 c5 2. Nc3 Nc6 3. g3 g6 4. Bg2 Bg7 5. d3 d6 6. f4 e6 7. Nf3 Nge7 8. Be3 Nd4 9. 0-0 0-0 10. Rb1 Rb8 11. Ne2 Nxf3+ 12. Bxf3 b6 13. d4 Bb7 14. c3 Qc7 15. Qd2 f5 16. exf5 exf5 17. Bxb7 Qxb7 18. c4 Rbe8 19. d5 b5 20. b3 Kh8 21. Qd3 1/2-1/2

[Event "Warsaw"]
[Site "Warsaw"]
[Date "1988.??.??"]
[Round "13"]
[White "Sobura, Henryk"]
[Black "Szypulski, Andrzej"]
[Result "1/2-1/2"]
[WhiteElo "2365"]
[BlackElo "2350"]
[PlyCount "44"]
[EventDate "1988.??.??"]
[EventType "tourn"]
[EventRounds "13"]
[EventCountry "POL"]
[EventCategory "4"]
[SourceTitle "EXT 1997"]
[Source "ChessBase"]
[SourceDate "1996.11.15"]
[SourceVersion "1"]
[SourceVersionDate "1996.11.15"]
[SourceQuality "1"]

1. e4 c5 2. Nc3 Nc6 3. Nge2 e6 4. g3 Nf6 5. Bg2 d6 6. d4 cxd4 7. Nxd4 Bd7 8. 0-0 Be7 9. Nxc6 Bxc6 10. a4 0-0 11. Be3 a6 12. a5 Nd7 13. Na4 Qc7 14. Nb6 Rae8 15. c4 Nxb6 16. Bxb6 Qc8 17. Qe2 f5 18. exf5 Bxg2 19. Kxg2 Rxf5 20. Rfe1 Qc6+ 21. Qe4 Qxe4+ 22. Rxe4 Bf6 1/2-1/2

[Event "Karvina Hornicky Kahanec-10"]
[Site "Karvina"]
[Date "1987.07.09"]
[Round "13"]
[White "Sobura, Henryk"]
[Black "Kaposztas, Miklos"]
[Result "1-0"]
[WhiteElo "2390"]
[BlackElo "2275"]
[PlyCount "81"]
[EventDate "1987.06.27"]
[EventType "tourn"]
[EventRounds "13"]
[EventCountry "CSR"]
[EventCategory "5"]
[SourceTitle "EXT 2020"]
[Source "ChessBase"]
[SourceDate "2019.10.17"]
[SourceVersion "1"]
[SourceVersionDate "2019.10.17"]
[SourceQuality "1"]

1. e4 c5 2. Nf3 g6 3. d4 Bg7 4. d5 d6 5. Nc3 Bg4 6. Be2 Bxf3 7. Bxf3 Nd7 8. 0-0 Ngf6 9. a4 0-0 10. Be2 a6 11. f4 Qc7 12. Kh1 Rac8 13. a5 c4 14. Bf3 Qd8 15. Be3 Nc5 16. Qe2 Qe8 17. e5 Nfd7 18. Bd4 Qd8 19. Bg4 Rc7 20. Na4 f5 21. Bf3 Rc8 22. Nc3 Rc7 23. Na4 Rc8 24. Rfd1 Nxa4 25. Rxa4 Nc5 26. Rxc4 Qd7 27. Rb4 Rc7 28. e6 Qd8 29. Ra1 Qc8 30. Bxg7 Kxg7 31. Rd4 Qe8 32. b4 Na4 33. c4 b5 34. axb6 Nxb6 35. Rxa6 Qb8 36. Qb2 Kg8 37. c5 dxc5 38. bxc5 Rxc5 39. Rxb6 Rc1+ 40. Qxc1 Qxb6 41. Rc4 1-0

[Event "Karvina Hornicky Kahanec-10"]
[Site "Karvina"]
[Date "1987.06.30"]
[Round "4"]
[White "Marek, Jiri"]
[Black "Sobura, Henryk"]
[Result "1/2-1/2"]
[WhiteElo "2240"]
[BlackElo "2390"]
[PlyCount "126"]
[EventDate "1987.06.27"]
[EventType "tourn"]
[EventRounds "13"]
[EventCountry "CSR"]
[EventCategory "5"]
[SourceTitle "EXT 2020"]
[Source "ChessBase"]
[SourceDate "2019.10.17"]
[SourceVersion "1"]
[SourceVersionDate "2019.10.17"]
[SourceQuality "1"]

1. e4 e6 2. d4 d5 3. exd5 exd5 4. Bd3 Nc6 5. c3 Bd6 6. Ne2 Nge7 7. Bf4 Bg4 8. Qd2 0-0 9. Bxd6 Qxd6 10. Qf4 Qd7 11. 0-0 Rae8 12. Na3 Bf5 13. Bxf5 Nxf5 14. Rfe1 Nd6 15. Ng3 Re6 16. Rxe6 Qxe6 17. Nc2 Re8 18. Re1 Qd7 19. Rxe8+ Nxe8 20. Ne3 Ne7 21. h4 Qe6 22. h5 h6 23. Qe5 Qd7 24. Ng4 Kf8 25. Qf4 Qe6 26. Ne3 Qd6 27. Qf3 Nf6 28. Ng4 Nxg4 29. Qxg4 Qe6 30. Qf4 Qd7 31. Qe5 Qd6 32. Qe2 Ng8 33. Qb5 b6 34. Qa6 Qf4 35. Qxa7 Nf6 36. Qa8+ Ke7 37. Qc6 Kd8 38. Qa8+ Kd7 39. Qa4+ Kc8 40. Qa6+ Kd7 41. Qb5+ Kd8 42. Qe2 Qc1+ 43. Kh2 Qg5 44. Kh3 Qf4 45. a4 Qc1 46. f3 Nxh5 47. Nxh5 Qh1+ 48. Kg3 Qxh5 49. Kf2 Qh4+ 50. Kg1 Qf4 51. Qe5 Qxe5 52. dxe5 g5 53. b4 c5 54. bxc5 bxc5 55. Kf2 h5 56. f4 g4 57. f5 h4 58. a5 d4 59. a6 Kc7 60. e6 fxe6 61. fxe6 dxc3 62. e7 c2 63. e8Q c1Q 1/2-1/2

[Event "Karvina Hornicky Kahanec-10"]
[Site "Karvina"]
[Date "1987.06.29"]
[Round "3"]
[White "Ksieski, Zbigniew"]
[Black "Sobura, Henryk"]
[Result "0-1"]
[WhiteElo "2365"]
[BlackElo "2390"]
[PlyCount "86"]
[EventDate "1987.06.27"]
[EventType "tourn"]
[EventRounds "13"]
[EventCountry "CSR"]
[EventCategory "5"]
[SourceTitle "EXT 2020"]
[Source "ChessBase"]
[SourceDate "2019.10.17"]
[SourceVersion "1"]
[SourceVersionDate "2019.10.17"]
[SourceQuality "1"]

1. d4 d5 2. c4 e6 3. Nf3 Nf6 4. g3 Be7 5. Bg2 0-0 6. 0-0 dxc4 7. Qc2 a6 8. a4 Bd7 9. Qxc4 Bc6 10. Nc3 a5 11. Bg5 Na6 12. Rac1 Qd6 13. Rfd1 Qb4 14. Qa2 Rad8 15. e3 h6 16. Bxf6 Bxf6 17. Nd2 Bxg2 18. Kxg2 c5 19. d5 exd5 20. Nxd5 Qxb2 21. Qc4 Rxd5 22. Qxd5 Rd8 23. Qe4 Rxd2 24. Qe8+ Kh7 25. Qe4+ g6 26. Qf3 Kg7 27. Rb1 Qc3 28. Rxb7 Nb4 29. Rb6 Rxd1 30. Qxd1 Qd3 31. Qf3 Qf5 32. Qxf5 gxf5 33. Rb5 c4 34. Rxa5 c3 35. Rc5 Nd3 36. Rc8 c2 37. a5 Be5 38. a6 Bb8 39. Rxb8 c1Q 40. a7 Qc6+ 41. f3 Qc2+ 42. Kh3 Ne1 43. Rg8+ Kf6 0-1

[Event "POL-chT 43rd"]
[Site "Jachranka"]
[Date "1987.??.??"]
[Round "2"]
[White "Bernard, Ryszard"]
[Black "Sobura, Henryk"]
[Result "1/2-1/2"]
[WhiteElo "2335"]
[BlackElo "2390"]
[PlyCount "39"]
[EventDate "1987.09.23"]
[EventType "team-tourn"]
[EventRounds "11"]
[EventCountry "POL"]
[SourceTitle "EXT 2019"]
[Source "ChessBase"]
[SourceDate "2018.10.10"]
[SourceVersion "1"]
[SourceVersionDate "2018.10.10"]
[SourceQuality "1"]
[WhiteTeam "Poznan Lech"]
[BlackTeam "Myslowice Gornik 09"]
[WhiteTeamCountry "POL"]
[BlackTeamCountry "POL"]

1. e4 e6 2. d4 d5 3. Nd2 a6 4. Ngf3 c5 5. exd5 exd5 6. Be2 Nc6 7. 0-0 cxd4 8. Nb3 Nf6 9. Nbxd4 Be7 10. c3 0-0 11. Be3 Re8 12. Bd3 Bg4 13. Qc2 Qc7 14. Bg5 h6 15. Bh4 Ne4 16. Bxe7 Rxe7 17. h3 Bxf3 18. Nxf3 Rae8 19. Rfe1 Nf6 20. Rxe7 1/2-1/2

[Event "POL-ch sf"]
[Site "Gdynia"]
[Date "1987.??.??"]
[Round "7"]
[White "Cichocki, Adam"]
[Black "Sobura, Henryk"]
[Result "1-0"]
[WhiteElo "2375"]
[BlackElo "2390"]
[PlyCount "93"]
[EventDate "1987.??.??"]
[EventType "swiss"]
[EventRounds "13"]
[EventCountry "POL"]
[SourceTitle "EXT 1998"]
[Source "ChessBase"]
[SourceDate "1997.11.17"]
[SourceVersion "1"]
[SourceVersionDate "1997.11.17"]
[SourceQuality "1"]

1. Nf3 Nf6 2. c4 e6 3. g3 d5 4. Bg2 Be7 5. 0-0 0-0 6. cxd5 exd5 7. d4 Nbd7 8. Nc3 c6 9. Rb1 Nb6 10. Ne5 Bf5 11. Ra1 Re8 12. h3 Bd6 13. g4 Bc8 14. f4 Nfd7 15. b3 Bb4 16. Bd2 Qe7 17. Rf2 Bxc3 18. Bxc3 Nf6 19. Qe1 Ne4 20. Bb4 Qd8 21. Rf1 f6 22. Nd3 Nd7 23. e3 a5 24. Ba3 b6 25. Bxe4 Rxe4 26. Nf2 Re8 27. Qc3 Bb7 28. Rfe1 Qc7 29. Qd2 c5 30. Rac1 Qc6 31. Rc3 Re6 32. f5 Re7 33. Nd3 Rae8 34. Nf4 Nf8 35. Qg2 Qc7 36. Qf2 Re4 37. Qg3 Qb8 38. Rec1 cxd4 39. Rc7 dxe3 40. Ne2 d4 41. Qd6 Ba8 42. Ng3 Rd8 43. Nxe4 Rxd6 44. Nxd6 h5 45. Rc8 Qa7 46. Rxf8+ Kh7 47. Rcc8 1-0

[Event "POL-chT 43rd"]
[Site "Jachranka"]
[Date "1987.??.??"]
[Round "10"]
[White "Sobura, Henryk"]
[Black "Gizynski, Tomasz"]
[Result "0-1"]
[WhiteElo "2390"]
[BlackElo "2320"]
[PlyCount "120"]
[EventDate "1987.09.23"]
[EventType "team-tourn"]
[EventRounds "11"]
[EventCountry "POL"]
[SourceTitle "EXT 2019"]
[Source "ChessBase"]
[SourceDate "2018.10.10"]
[SourceVersion "1"]
[SourceVersionDate "2018.10.10"]
[SourceQuality "1"]
[WhiteTeam "Myslowice Gornik 09"]
[BlackTeam "Bielsko-Biala Wlokniarz"]
[WhiteTeamCountry "POL"]
[BlackTeamCountry "POL"]

1. e4 e6 2. d4 d5 3. Nc3 Bb4 4. Nge2 dxe4 5. a3 Be7 6. Nxe4 Nc6 7. Bf4 Nf6 8. Qd3 0-0 9. 0-0-0 b6 10. Nxf6+ Bxf6 11. Qg3 Bh4 12. Qe3 Bb7 13. Nc3 Ne7 14. Bd3 Bf6 15. Be5 Nf5 16. Bxf5 exf5 17. Bxf6 Qxf6 18. d5 Rad8 19. Qf4 Rd7 20. Qa4 c6 21. Qxa7 cxd5 22. Qa4 Rc7 23. Qd4 Qh6+ 24. Qd2 Qxd2+ 25. Rxd2 Rd8 26. Re1 g6 27. Nb5 Rcd7 28. Nd4 Kg7 29. f4 Rc8 30. b3 Rcd8 31. Rde2 Kf6 32. Re8 Ba6 33. h4 Rxe8 34. Rxe8 Bf1 35. g3 Bg2 36. Rb8 Rd6 37. Rb7 Be4 38. Kd2 h6 39. Ke3 Kg7 40. Rc7 Kf6 41. a4 Bg2 42. Kf2 Be4 43. Ke2 g5 44. hxg5+ hxg5 45. c3 g4 46. b4 Kg7 47. Rc6 Rd8 48. Rxb6 Rh8 49. a5 Rh2+ 50. Ke1 Rg2 51. a6 Rxg3 52. Ne2 Re3 53. Kf2 Rf3+ 54. Kg1 g3 55. a7 d4 56. Rb8 d3 57. a8Q Bxa8 58. Nd4 d2 59. Nxf5+ Kf6 60. Rd8 Rxc3 0-1

[Event "POL-ch sf"]
[Site "Gdynia"]
[Date "1987.??.??"]
[Round "2"]
[White "Sobura, Henryk"]
[Black "Pyda, Zbigniew"]
[Result "0-1"]
[WhiteElo "2390"]
[BlackElo "2220"]
[PlyCount "79"]
[EventDate "1987.??.??"]
[EventType "swiss"]
[EventRounds "13"]
[EventCountry "POL"]
[SourceTitle "EXT 1998"]
[Source "ChessBase"]
[SourceDate "1997.11.17"]
[SourceVersion "1"]
[SourceVersionDate "1997.11.17"]
[SourceQuality "1"]

1. e4 c5 2. Nc3 Nc6 3. Nge2 Nf6 4. g3 d5 5. exd5 Nxd5 6. Bg2 Nxc3 7. bxc3 g6 8. a4 Bg7 9. Ba3 c4 10. Nf4 0-0 11. Qe2 Bf5 12. Be4 Qd7 13. Qxc4 Rfd8 14. Rd1 Ne5 15. Bxf5 Qxf5 16. Qe2 g5 17. d4 gxf4 18. dxe5 Rxd1+ 19. Kxd1 Rd8+ 20. Kc1 f3 21. Qe3 Qe6 22. Kb1 Qd7 23. Qe4 Qd2 24. Qxf3 Bxe5 25. Bxe7 Rd7 26. Bb4 b6 27. Qe3 Qd5 28. f4 Qxh1+ 29. Kb2 Qd5 30. fxe5 Qe6 31. Qf4 Qg6 32. Bd6 h6 33. Qf3 Kh7 34. Qa8 Qe6 35. Qe4+ f5 36. Qd3 Kg7 37. Qf3 Kg6 38. Qd3 h5 39. c4 Rh7 40. Qd5 0-1